000
00234nam a2200097Ia 4500
008
240331s9999 xx 000 0 und d
082
_b
AMB
100
_a
Ambedkar,
245
0
_a
Inthiyath tholil sangangal :
_b
sila kruththukkal
942
_c
L
999
_c
2356
_d
2356